| 000 | 00756 a2200193 4500 | ||
|---|---|---|---|
| 999 |
_c7272 _d7272 |
||
| 020 | _a0702104078 | ||
| 050 | 0 | 0 | _aKTL 880 COO 1973 |
| 100 | 1 |
_aCooper, W. E. _d1926- _eauthor |
|
| 245 | 1 | 4 |
_aThe South African law of landlord and tenant/ _cby W. E. Cooper. |
| 264 |
_aCape Town : _bJuta & Company _c1973 |
||
| 300 | _aliii, 571 p. | ||
| 500 | _aIncludes bibliographical references. | ||
| 500 | _a"Save for minor amendments, the first twenty-four chapters of this book were submitted to the University of Cape Town for a PhD degree." | ||
| 504 | _aIncludes bibliographical references. | ||
| 650 | 0 | _aLandlord and tenant | |
| 700 | 1 |
_aWille, George, _d1880-1966. _tLandlord and tenant in South Africa. |
|
| 942 |
_2lcc _cBK _h880 _iCOO _kKTL |
||